Billigkeit
Erstveröffentlichung in: Staatslexikon. Recht, Wirtschaft, Gesellschaft, hrsg. von der Görres-Gesellschaft. 7., völlig neu bearb. Aufl., Freiburg i. Br. 1985 - 1993, Bd. 1 (1985), Sp. 809-813
| Main Author: | |
|---|---|
| Format: | Print Article |
| Language: | German |
| Check availability: | HBZ Gateway |
| Interlibrary Loan: | Interlibrary Loan for the Fachinformationsdienste (Specialized Information Services in Germany) |
| Published: |
2006
|
| In: |
Ausgewählte Schriften
Year: 2006, Pages: 77-82 |
| IxTheo Classification: | SB Catholic Church law |
| Further subjects: | B
Aequitas
B aequitas canonica B Law concept B Legal theory |
MARC
| LEADER | 00000caa a2200000 c 4500 | ||
|---|---|---|---|
| 001 | 1335484035 | ||
| 003 | DE-627 | ||
| 005 | 20250819204635.0 | ||
| 007 | tu | ||
| 008 | 070611s2006 xx ||||| 00| ||ger c | ||
| 020 | |a 3428120183 | ||
| 035 | |a (DE-627)1335484035 | ||
| 035 | |a (DE-576)265484030 | ||
| 035 | |a (DE-599)BSZ265484030 | ||
| 040 | |a DE-627 |b ger |c DE-627 |e rakwb | ||
| 041 | |a ger | ||
| 084 | |a 1 |2 ssgn | ||
| 100 | 1 | |0 (DE-588)122717619 |0 (DE-627)082111871 |0 (DE-576)161469744 |4 aut |a Hollerbach, Alexander |d 1931-2020 | |
| 109 | |a Hollerbach, Alexander 1931-2020 | ||
| 245 | 1 | 0 | |a Billigkeit |c [Alexander Hollerbach] |
| 264 | 1 | |c 2006 | |
| 336 | |a Text |b txt |2 rdacontent | ||
| 337 | |a ohne Hilfsmittel zu benutzen |b n |2 rdamedia | ||
| 338 | |a Band |b nc |2 rdacarrier | ||
| 500 | |a Erstveröffentlichung: 1985 | ||
| 520 | |a Erstveröffentlichung in: Staatslexikon. Recht, Wirtschaft, Gesellschaft, hrsg. von der Görres-Gesellschaft. 7., völlig neu bearb. Aufl., Freiburg i. Br. 1985 - 1993, Bd. 1 (1985), Sp. 809-813 | ||
| 630 | 0 | 7 | |0 (DE-588)7794761-7 |0 (DE-627)701579315 |0 (DE-576)35405399X |a aequitas canonica |2 gnd |
| 650 | 0 | 7 | |0 (DE-588)4177201-5 |0 (DE-627)105350370 |0 (DE-576)20997589X |a Rechtsbegriff |2 gnd |
| 650 | 0 | 7 | |0 (DE-588)4126505-1 |0 (DE-627)105731900 |0 (DE-576)209585617 |a Rechtstheorie |2 gnd |
| 650 | 0 | 7 | |0 (DE-588)4141495-0 |0 (DE-627)104704128 |0 (DE-576)209711809 |a Aequitas |2 gnd |
| 652 | |a SB | ||
| 773 | 0 | 8 | |i In |a Hollerbach, Alexander, 1931 - 2020 |t Ausgewählte Schriften |d Berlin : Duncker & Humblot, 2006 |g (2006), Seite 77-82 |h 601 S |w (DE-627)509703593 |w (DE-576)251786404 |z 3428120183 |7 nnam |
| 773 | 1 | 8 | |g year:2006 |g pages:77-82 |
| 889 | |w (DE-576)519534107 | ||
| 889 | |w (DE-627)1763545024 | ||
| 889 | |w (DE-627)1589534107 | ||
| 935 | |a DAKR |a KALD | ||
| 935 | |i mdedup | ||
| 951 | |a AR | ||
| CAN | |a 1 | ||
| ELC | |b 1 | ||
| ITA | |a 1 |t 1 | ||
| LOK | |0 000 xxxxxcx a22 zn 4500 | ||
| LOK | |0 001 395581923X | ||
| LOK | |0 003 DE-627 | ||
| LOK | |0 004 1335484035 | ||
| LOK | |0 005 20240625171645 | ||
| LOK | |0 008 210719||||||||||||||||ger||||||| | ||
| LOK | |0 035 |a (DE-Tue135-3)DAKAR1_41445 | ||
| LOK | |0 040 |a DE-Tue135-3 |c DE-627 |d DE-Tue135-3 | ||
| LOK | |0 092 |o n | ||
| LOK | |0 852 |a DE-Tue135-3 | ||
| LOK | |0 852 1 |c MS KR-S/II-216 |9 00 | ||
| LOK | |0 935 |a msmi | ||
| LOK | |0 936ln |0 1442053313 |a SB | ||
| LOK | |0 939 |a 19-07-21 |b l01 | ||
| LOK | |0 000 xxxxxcx a22 zn 4500 | ||
| LOK | |0 001 3059526745 | ||
| LOK | |0 003 DE-627 | ||
| LOK | |0 004 1335484035 | ||
| LOK | |0 005 20250819204240 | ||
| LOK | |0 008 190311||||||||||||||||ger||||||| | ||
| LOK | |0 035 |a (DE-Tue135-1)175491 | ||
| LOK | |0 040 |a DE-Tue135-1 |c DE-627 |d DE-Tue135-1 | ||
| LOK | |0 852 |a DE-Tue135-1 | ||
| LOK | |0 852 1 |c FTHKR060181/HHA/5 |m p |9 00 | ||
| LOK | |0 852 2 |b KR 01.125 |9 00 | ||
| LOK | |0 935 |a iSWA | ||
| LOK | |0 936ln |0 1442053313 |a SB | ||
| LOK | |0 938 |k p | ||
| LOK | |0 939 |a 11-03-19 |b l01 | ||
| ORI | |a SA-MARC-ixtheoa001.raw | ||
| STA | 0 | 0 | |a Aequitas,Law concept,Concept of law,Legal theory,Theory of law,Law theory |
| STB | 0 | 0 | |a Terme juridique,Concept juridique,Concept juridique,Théorie du droit,Æquitas |
| STC | 0 | 0 | |a Equidad,Teoría del derecho,Término jurídico |
| STD | 0 | 0 | |a Aequitas,Teoria del diritto,Termine giuridico,Concetto giuridico,Concetto giuridico |
| STE | 0 | 0 | |a 埃魁塔斯,法学理论,法律理论,法律概念,法律理念 |
| STF | 0 | 0 | |a 埃魁塔斯,法學理論,法律理論,法律概念,法律理念 |
| STG | 0 | 0 | |a Equitude,Teoria do direito,Termo jurídico |
| STH | 0 | 0 | |a Понятие права,Теория права,Эквитас |
| STI | 0 | 0 | |a Aequitas,Θεωρία του δικαίου,Νομική έννοια,Νομικός όρος |
| SUB | |a CAN | ||
| SYE | 0 | 0 | |a Recht , Recht |